Michel Quesnel, L’Homme et le Fils de Dieu, Paris, Flammarion, 2004. 22 cm. 231 p. ISBN 2-08-210336-6. € 19 (notice n° 2222482)

détails MARC
000 -LEADER
fixed length control field 01350cam a2200169 4500500
005 - DATE AND TIME OF LATEST TRANSACTION
control field 20260426010521.0
041 ## - LANGUAGE CODE
Language code of text/sound track or separate title fre
042 ## - AUTHENTICATION CODE
Authentication code dc
100 10 - MAIN ENTRY--PERSONAL NAME
Personal name Campbell, Gordon
Relator term author
245 00 - TITLE STATEMENT
Title Michel Quesnel, L’Homme et le Fils de Dieu, Paris, Flammarion, 2004. 22 cm. 231 p. ISBN 2-08-210336-6. € 19
260 ## - PUBLICATION, DISTRIBUTION, ETC.
Date of publication, distribution, etc. 2005.<br/>
500 ## - GENERAL NOTE
General note 70
520 ## - SUMMARY, ETC.
Summary, etc. Le discours que Paul développe au sujet des femmes dans 1 Co 14, 34-35 peut-il être lu autrement que comme une légitimation du patriarcalisme ? En resituant le propos de Paul dans le contexte plus large des versets 20-40, Nicola Kontzi-Méresse* soutient que l’injonction au silence possède une pertinence théologique et spirituelle dissociable du thème de la soumission des femmes.
520 ## - SUMMARY, ETC.
Summary, etc. Could Paul’s speech about women (in 1 Corinthians 14:34-35) be read differently from the usual patriarchal viewpoint? By examining Paul’s utterance in the larger context of verses 20-40, Nicola Kontzi-Méresse argues that the order to be silent has a theological and spiritual relevance that can be separated from the theme of female submission.
786 0# - DATA SOURCE ENTRY
Note Études théologiques et religieuses | 80 | 2 | 2005-06-01 | p. 279e-284e | 0014-2239
856 41 - ELECTRONIC LOCATION AND ACCESS
Uniform Resource Identifier <a href="https://shs.cairn.info/revue-etudes-theologiques-et-religieuses-2005-2-page-279e?lang=fr&redirect-ssocas=7080">https://shs.cairn.info/revue-etudes-theologiques-et-religieuses-2005-2-page-279e?lang=fr&redirect-ssocas=7080</a>

Pas d'exemplaire disponible.

PLUDOC

PLUDOC est la plateforme unique et centralisée de gestion des bibliothèques physiques et numériques de Guinée administré par le CEDUST. Elle est la plus grande base de données de ressources documentaires pour les Étudiants, Enseignants chercheurs et Chercheurs de Guinée.

Adresse

627 919 101/664 919 101

25 boulevard du commerce
Kaloum, Conakry, Guinée

Réseaux sociaux

Powered by Netsen Group @ 2025